00397nam a2200157Ia 45000010006000000050017000060080041000230410008000640820017000721000024000892450073001132600009001863000028001956500008002236540008002312241820260414150830.0260414t2013||||xx |||||||||||||| ||spa|| aESP a621.381bP48 aPethig, RonaldeAUT 0aIntroductory bioelectronics :bfor engineers and physical scientists c2013 a441 páginas :c25 cm. aTCA aCET